000 02154nkm a2200469 c 4500
999 _c210820
_d210820
003 BLK
005 20200428155121.0
008 180412b bul rap|r|||| r0| ||bulo|
010 _aKNG00172321000
040 _aBLK
041 _aENG
_cENG
_hDEU
_hFRE
_hRUS
080 _aЖивопис - художници
_b75.071.1
_x(47+57)(092)(084)
_z75.071.1(47+57)(092)(084)
080 _aСъветски художник (1893-1972)
_b929 Пластов, Аркадий Александрович
_z929 Пластов, Аркадий Александрович
139 _aArkady Plastov
_bП 57
_f Р 71 А
_g П 57 А
245 1 0 _aArkady Plastov
_ccomp. and introd. by S. Kuznetsova; Аркадий Александрович Пластов; Серафима Алексеевна Кузнецова.
246 1 1 _aАркадий Пластов
257 _aRUS
_aSUN
260 _bAurora
_c1974
300 _a68 p., 83 p.
_bill.
_c27 cm
380 _a7
490 1 _aMasters of Soviet Painting
500 _aПарал. текст. на фр., нем., рус. ез. - Списък на репрод. - Библиогр. с. 67.
600 1 4 _aПластов, Аркади Александрович
_9326113
650 4 _aХудожници, руски - албуми
_9351270
650 4 _aХудожници, съветски
_9352577
650 4 _aПластов, Аркадий Александрович
_9352600
651 4 _aРусия
_9179465
651 4 _aСССР
_9179592
653 _aАркадий Пластов
653 _aсъветски художници
653 _aруски художници
653 _aалбуми
700 1 _aKuznetsova, S.
_ecomp. and introd. by
_916249
700 1 _aПластов, Аркадий Александрович
_9352600
700 1 _aКузнецова, Серафима Алексеевна
_9352601
720 _aАвт.-состав. Серафима Алексеевна Кузнецова
_eпаралелен автор
852 _aЦб Гр А ІІ 1977
856 4 _qpdf
_u
856 4 _qpdf
_u
942 _cGRA
_n0
_s1
944 _aCR
_c27.02.2015
_lф /
_kКамелия_Данева
944 _aED
_c10.11.2017
_lф /
_kЛюдмила_Стоянова
999 _d210820